| Поле | Инд. | ПП | Название | Значение |
|---|---|---|---|---|
| Тип записи | a | |||
| Библиографический уровень | b | |||
| 001 | Контрольный номер | RU/IS/BASE/127494726 | ||
| 005 | Дата корректировки | 20200630193227.2 | ||
| 084 | a | Индекс другой классификации/Индекс ББК | 60.562.6; 82.000; 83.000 | |
| 100 | 1_ | a | Автор | Горностаева М. В. |
| 245 | 10 | a | Заглавие | Миф и сказка как символические системы |
| 504 | a | Библиография | Библиогр. ссылки | |
| 650 | 04 | a | Основная рубрика | литературоведение |
| a | Основная рубрика | социология | ||
| a | Основная рубрика | социология литературы | ||
| a | Основная рубрика | филологические науки | ||
| a | Основная рубрика | фольклор | ||
| 653 | 0_ | a | Ключевые слова | женское начало |
| a | Ключевые слова | мифы | ||
| a | Ключевые слова | мужское начало | ||
| a | Ключевые слова | народное творчество | ||
| a | Ключевые слова | организация элементов сказки | ||
| a | Ключевые слова | поэтика фольклора | ||
| a | Ключевые слова | сказки | ||
| a | Ключевые слова | сказочное действие | ||
| a | Ключевые слова | сказочные отношения | ||
| a | Ключевые слова | сказочные персонажи | ||
| a | Ключевые слова | социальная символика | ||
| a | Ключевые слова | социальные стереотипы | ||
| a | Ключевые слова | социальный символ | ||
| a | Ключевые слова | структура сказки | ||
| a | Ключевые слова | язык | ||
| 773 | 18 | t | Заглавие источника | Вестник Московского университета. Серия 18, Социология и политология |
| d | Дата издания источника | 2001 | ||
| g | Прочая информация | № 3. - С. 113 - 125 | ||
| w | Контрольный № источника | RU/IS/BASE/148578725 | ||
| 901 | t | Тип документа | b |